000 00298nam a22001337a 4500
999 _c534182
_d534182
020 _a99914638
040 _cMSOHAIL
082 _a891.51
100 _aAkbar Allahabadi
_928333
245 _aKulyat-e- Akbar Alabadi
260 _aLahore
_bSang-e-Meel
_cc2008
300 _a654;P
942 _2ddc
_cBK